Statystyki dla Stopnie w Straży Pożarnej

Kliknij tutaj aby rozwiązać quiz!

Ogólne statystyki

  • Ten quiz został rozwiązany 2 025 razy
  • Średni wynik to 15 z 19

Statystyki odpowiedzi

Odpowiedź% Poprawnych
Strażak
99%
Starszy Strażak
96%
Ogniomistrz
83%
Sekcyjny
83%
Starszy Ogniomistrz
82%
Starszy Sekcyjny
82%
Aspirant
80%
Młodszy Aspiran
80%
Młodszy Ogniomistrz
80%
Starszy Aspirant
79%
Aspirant Sztabowy
76%
Kapitan
74%
Młodszy kapitan
74%
Starszy Kapitan
73%
Brygadier
71%
Młodszy Brygadier
71%
Starszy Brygadier
69%
Nadbrygadier
67%
Generał Brygadier
65%

Rozkład punktacji

Percentyl według liczby udzielonych odpowiedzi

Procent ludzi z każdym wynikiem

Twoja historia wyników

Nie rozwiązałeś tego quizu